MARC

LEADER 00000nab a2200000 4500
001 vtls012023496
003 SK-MaSNL
005 20260318114206.0
008 210415c2020 xo er|n || ||00 c0ukr
015 |a SNBRB2021/04 
038 |a SVKPOCL 
040 |a SVKPOCL  |b slo  |c SVKPOCL  |e rda 
041 0 |a ukr 
043 |a e-xo---  |a e-un--- 
044 |a xo  |c SK 
072 7 |a 316.7  |x Sociológia kultúry. Kultúrny život  |2 konspekt 
072 7 |a 061.2  |x Nevládne organizácie a kooperácia  |2 konspekt 
072 7 |a 005  |x Manažment. Riadenie  |2 konspekt 
080 |a 008:616-036.21  |2 2011 
080 |a 316.022.4(=161.25)(=161.2):061.2  |2 2011 
080 |a 316.7:616-036.21  |2 2011 
080 |a 316.7:578.834  |2 2011 
080 |a (437.6)  |2 2011 
080 |a 005.585:061.2(437.6)  |2 2011 
080 |a 316.022.4(=161.2)(437.6)  |2 2011 
080 |a 316.022.4(=161.25)(437.6)  |2 2011 
080 |a 316.772:654.15:005.585  |2 2001 
080 |a 005.521  |2 2001 
100 1 |a -pb-  |4 aut  |9 859443 
245 1 0 |a Narada členiv Prezydiji Central'noji rady SRUSR  |b jak nam buty pislja pandemiji koronavirusu COVID-19?  |c [autor] -pb- 
246 3 0 |a Jak nam buty pislja pandemiji koronavirusu COVID-19? 
336 |a text  |b txt  |2 rdacontent 
337 |a bez média  |b n  |2 rdamedia 
338 |a zväzok  |b nc  |2 rdacarrier 
600 1 7 |a Bogdan, Pavol,  |d 1950-  |2 svkpocl  |9 484875 
600 1 7 |a Ražina, Ľudmila,  |d 1967-  |2 svkpocl  |9 1220828 
600 1 7 |a Jackanin, Ivan,  |d 1950-  |2 SNKMA  |9 103637 
600 1 7 |a Bandurčin, Viktor,  |d 1969-  |2 svkpocl  |9 1153657 
600 1 7 |a Džoganík, Jaroslav,  |d 1964-  |2 SNKMA  |9 131884 
600 1 7 |a Vook, Jozef  |2 svkpocl  |9 806053 
600 1 7 |a Denis, Mikuláš,  |d 1942-  |2 svkpocl  |9 1304940 
600 1 7 |a Beňová, Anna  |2 svkpocl  |9 722366 
600 1 7 |a Petriščák, Mikuláš,  |d 1958-  |2 svkpocl  |9 1513504 
610 2 7 |a Zväz Rusínov-Ukrajincov Slovenskej republiky.  |b Ústredná rada  |2 SNKKA  |9 111945 
610 2 7 |a Zväz Rusínov-Ukrajincov Slovenskej republiky  |2 svkpocl  |9 18604 
648 7 |a 18.5.2020  |2 svkpocl  |9 1327318 
650 0 7 |a kultúrne inštitúcie a organizácie  |2 SNKPH  |9 112538 
650 0 7 |a kultúrne podujatia  |2 SNKPH  |9 71676 
650 0 7 |a núdzový stav  |2 svkpocl  |9 1323312 
650 0 7 |a pandémie  |2 SNKPH  |9 59320 
650 0 7 |a koronavírusy  |2 SNKPH  |9 84342 
650 0 7 |a pozastavenie podujatí  |2 svkpocl  |9 1323313 
650 0 7 |a príprava podujatí  |2 svkpocl  |9 1230970 
650 0 7 |a organizácia a riadenie  |2 SNKPH  |9 3863 
650 0 7 |a pracovné stretnutia  |2 SNKPH  |9 513273 
650 0 7 |a telefonická komunikácia  |2 SNKPH  |9 98331 
650 0 7 |a financovanie inštitúcií a organizácií  |2 SNKPH  |9 79308 
651 7 |a Prešov (Slovensko)  |2 SNKPHgeo  |9 17347 
651 7 |a Slovensko  |2 SNKPHgeo  |9 14231 
651 7 |a Humenné (Slovensko)  |2 SNKPHgeo  |9 19199 
651 7 |a Stará Ľubovňa (Slovensko)  |2 SNKPHgeo  |9 19193 
651 7 |a Svidník (Slovensko)  |2 SNKPHgeo  |9 28309 
651 7 |a Bardejov (Slovensko)  |2 SNKPHgeo  |9 20040 
773 0 |t Nove žyttja  |g Roč. 70, č. 10 (2020), s. [1] 
852 |a SVKPO  |b KIS3GCP 
958 |a UK 
958 |a RN 
958 |a SK 
958 |a UA 
958 |a NM 
958 |a LX 
999 |c 3354331  |d 3356261